Provinzen Belgiens mit Karte - Statistiken

Allgemein
  • Dieses Quiz wurde 1.588 mal gespielt
    1.504 seit der letzten Aktualisierung
  • Das Durchschnittsergebnis liegt bei 6 aus 11
Antworten auf der Karte
Die Antworten werden auf der Karte rot bzw. grün angezeigt, abhängig davon wie oft sie richtig erraten wurden.
 
Antwortstatistiken
Antwort % Korrekt
Hauptstadtregion Brüssel
98%
Flämische Region Antwerpen
73%
Wallonische Region Lüttich
61%
Flämische Region Limburg
55%
Wallonische Region Luxemburg
55%
Flämische Region Ostflandern
52%
Flämische Region Westflandern
52%
Wallonische Region Namür
43%
Flämische Region Flämisch-Brabant
37%
Wallonische Region Wallonisch-Brabant
36%
Wallonische Region Hennegau
31%
Keine übereinstimmenden Quizze gefunden
Verteilung der Resultate
Anzahl Personen mit jedem Resultat
Perzentil nach korrekt beantworteten Fragen
Ihre Resultats-Entwicklung
Sie haben dieses Quiz seit der letzten Aktualisierung nicht gespielt